Catálogo público

Estudio del hombre (Record no. 30101)

MARC details
000 -CABECERA
campo de control de longitud fija 01323nam a22003617a 4500
003 - IDENTIFICADOR DEL NÚMERO DE CONTROL
campo de control CHAP
005 - FECHA Y HORA DE LA ÚLTIMA TRANSACCIÓN
campo de control 20220329135039.0
008 - DATOS DE LONGITUD FIJA--INFORMACIÓN GENERAL
campo de control de longitud fija 971013s1959 r 00010 d
010 ## - NÚMERO DE CONTROL DE LA BIBLIOTECA DEL CONGRESO
Número de control de LC 30101
011 ## - ENLACE DEL NUMERO DE CONTROL DE LA BIBLIOTECA DEL CONGRESO [OBSOLETO]
Número de control de LC 31073
035 ## - NÚMERO DE CONTROL DEL SISTEMA
Número de control de sistema 35185
040 ## - FUENTE DE LA CATALOGACIÓN
Centro/agencia transcriptor CHAP
082 ## - NÚMERO DE LA CLASIFICACIÓN DECIMAL DEWEY
Número de clasificación 573
Número de documento/Ítem L55
100 00 - ENTRADA PRINCIPAL--NOMBRE DE PERSONA
Nombre de persona Linton, Ralph.
9 (RLIN) 67009
245 ## - MENCIÓN DE TÍTULO
Título Estudio del hombre
250 ## - MENCIÓN DE EDICIÓN
Mención de edición 4 ed.
260 ## - PUBLICACIÓN, DISTRIBUCIÓN, ETC.
Lugar de publicación, distribución, etc. México :
Nombre del editor, distribuidor, etc. Fondo de Cultura Económica,
Fecha de publicación, distribución, etc. 1959
300 ## - DESCRIPCIÓN FÍSICA
Extensión 483 p.
500 ## - NOTA GENERAL
Nota general 3 c. de 1965 idénticas
590 ## - NOTA LOCAL (RLIN)
Nota local BATCH-UPD
Procedencia (VM) [OBSOLETO] 10
Condición del los carretes individuales (VM) [OBSOLETO] 20130110
-- UCH01
-- 1614
590 ## - NOTA LOCAL (RLIN)
Nota local BATCH-UPD
Procedencia (VM) [OBSOLETO] 10
Condición del los carretes individuales (VM) [OBSOLETO] 20130410
-- UCH01
-- 1009
590 ## - NOTA LOCAL (RLIN)
Nota local CONVERSION
Procedencia (VM) [OBSOLETO] 10
Condición del los carretes individuales (VM) [OBSOLETO] 20130109
-- UCH01
-- 1317
650 14 - PUNTO DE ACCESO ADICIONAL DE MATERIA--TÉRMINO DE MATERIA
Término de materia o nombre geográfico como elemento de entrada Antropologia.
9 (RLIN) 6133
901 ## - ELEMENTOS DE DATOS A LOCAL LDA (RLIN)
a BK
942 ## - ELEMENTOS DE PUNTO DE ACCESO ADICIONAL (KOHA)
Tipo de ítem Koha Libro
949 ## - PROCESAMIENTO DE INFORMACIÓN LOCAL (OCLC)
a 573 L55
b BC
c LIBRO
d 33724000241014
e LIBRO
f c.7
h 29592
i 35185
s i
t 24.00
949 ## - PROCESAMIENTO DE INFORMACIÓN LOCAL (OCLC)
a 573 L55
b BC
c LIBRO
d 33724000241147
e LIBRO
f c.3
h 7944
i 35185
s i
t 24.00
949 ## - PROCESAMIENTO DE INFORMACIÓN LOCAL (OCLC)
a 573 L55
b BC
c LIBRO
d 33724000241154
e LIBRO
f c.5
h 64390
i 35185
s i
t 24.00
949 ## - PROCESAMIENTO DE INFORMACIÓN LOCAL (OCLC)
a 573 L55
b BC
c LIBRO
d 33724000241162
e LIBRO
f c.6
h 7945
i 35185
s i
t 24.00
949 ## - PROCESAMIENTO DE INFORMACIÓN LOCAL (OCLC)
a 573 L55
b BC
c LIBRO
d 33724000241170
e LIBRO
f c.4
h 26524
i 35185
s i
t 24.00
949 ## - PROCESAMIENTO DE INFORMACIÓN LOCAL (OCLC)
a 573 L55
b BC
c LIBRO
d 33724000241188
e LIBRO
h 7942
i 35185
s i
t 24.00
949 ## - PROCESAMIENTO DE INFORMACIÓN LOCAL (OCLC)
a 573 L55
b BC
c LIBRO
d 33724000241196
e LIBRO
f c.2
h 7943
i 35185
s i
t 24.00
Holdings
Estado de retiro Estado de pérdida Fuente del sistema de clasificación o colocación Estado dañado Restricciones de uso No para préstamo Código de colección Localización permanente Ubicación/localización actual Ubicación en estantería Fecha de adquisición Información codificada de la localización en otra ubicación Total de préstamos Signatura topográfica completa Código de barras Fecha visto por última vez Número de copia Precio válido a partir de Tipo de ítem Koha
    Dewey Decimal Classification   Préstamo 15 días   General Biblioteca Central Biblioteca Central Planta alta - Colección General 31/12/2019 LIBRO   573 L55 33724000241014 31/12/2019 c.7 31/12/2019 Libro
    Dewey Decimal Classification   Préstamo 15 días   General Biblioteca Central Biblioteca Central Planta alta - Colección General 31/12/2019 LIBRO   573 L55 33724000241147 31/12/2019 c.3 31/12/2019 Libro
    Dewey Decimal Classification   Préstamo 15 días   General Biblioteca Central Biblioteca Central Planta alta - Colección General 31/12/2019 LIBRO   573 L55 33724000241154 31/12/2019 c.5 31/12/2019 Libro
    Dewey Decimal Classification   Préstamo 15 días   General Biblioteca Central Biblioteca Central Planta alta - Colección General 31/12/2019 LIBRO   573 L55 33724000241162 31/12/2019 c.6 31/12/2019 Libro
    Dewey Decimal Classification   Préstamo 15 días   General Biblioteca Central Biblioteca Central Planta alta - Colección General 31/12/2019 LIBRO   573 L55 33724000241170 31/12/2019 c.4 31/12/2019 Libro
    Dewey Decimal Classification   Préstamo 15 días   General Biblioteca Central Biblioteca Central Planta alta - Colección General 31/12/2019 LIBRO   573 L55 33724000241188 31/12/2019   31/12/2019 Libro
    Dewey Decimal Classification   Préstamo 15 días   General Biblioteca Central Biblioteca Central Planta alta - Colección General 31/12/2019 LIBRO   573 L55 33724000241196 31/12/2019 c.2 31/12/2019 Libro